000 00302nam a22001337a 4500
008 171228b xxu||||| |||| 00| 0 eng d
020 _a9780312607845
041 _aeng
080 _26TH
_a37
100 _a46
101 _aEDU
245 _aTYHE ST.MARTIN'S HANDBOOK
_cLUNSFORD,A,A
942 _2udc
_cBK
999 _c39558
_d39558